000 00715nam a2200289Ia 4500
005 20260324130737.0
008 008 260324s9999 xx 000 0 eng d
020 _a9781315846316
037 _aEBOOK
040 _aCRL
040 _beng
040 _cCRL
041 _2eng
041 _aeng
084 _qCRL
100 _aSteven G. Ellis; Christopher Maginn
_91182929
245 4 _aThe Making of the British Isles
245 4 _bThe State of Britain and Ireland, 1450-1660
260 _bTaylor and Francis
260 _c2007
365 _a
365 _b230
856 _uhttp://www.taylorfrancis.com/books/9781315846316
942 _cEBOOK
999 _c1779368
_d1779368